Counties of the cities of England - Statistics

General Stats
  • This quiz has been taken 24 times
  • The average score is 36 of 51
Answer Stats
City County % Correct
Cambridge Cambridgeshire
100%
Gloucester Gloucestershire
100%
Lancaster Lancashire
100%
Nottingham Nottinghamshire
100%
Oxford Oxfordshire
100%
Derby Derbyshire
95%
Hereford Herefordshire
95%
Leicester Leicestershire
95%
Chester Cheshire
91%
Canterbury Kent
91%
Lincoln Lincolnshire
91%
City of London London
91%
Liverpool Merseyside
91%
Carlisle Cumbria
86%
Durham Durham
86%
Manchester Greater Manchester
86%
Norwich Norfolk
86%
Exeter Devon
82%
Brighton and Hove East Sussex
82%
Newcastle upon Tyne Tyne and Wear
82%
Plymouth Devon
77%
Portsmouth Hampshire
77%
Birmingham West Midlands
77%
Bristol Bristol
73%
Leeds West Yorkshire
73%
Preston Lancashire
68%
Sheffield South Yorkshire
68%
Bradford West Yorkshire
68%
Truro Cornwall
64%
Chelmsford Essex
64%
Southampton Hampshire
64%
Bath Somerset
64%
Ely Cambridgeshire
59%
Kingston upon Hull East Riding of Yorkshire
59%
Salford Greater Manchester
59%
Westminster London
59%
Ripon North Yorkshire
59%
York North Yorkshire
59%
Stoke-on-Trent Staffordshire
59%
Sunderland Tyne and Wear
59%
Salisbury Wiltshire
59%
Worcester Worcestershire
59%
Peterborough Cambridgeshire
55%
Coventry West Midlands
55%
Wolverhampton West Midlands
45%
Wells Somerset
41%
Chichester West Sussex
41%
Winchester Hampshire
36%
St Albans Hertfordshire
36%
Wakefield West Yorkshire
36%
Lichfield Staffordshire
32%
No matching quizzes found
Score Distribution
Percent of People with Each Score
Percentile by Number Answered
Your Score History
You have not taken this quiz